000 01173nam a2200241Ia 4500
999 _c55857
_d55857
001 22954
003 GE_BSU
005 20230612123513.0
008 181216s ||||ge |||||||||||||| ||geo||
040 _cGE_BSU
041 _ageo
080 _a821.353.1'01.09 კ-38
100 _aკეკელიძე, კორნელი.
_918631
245 _aძველი ქართული ლიტერატურის ისტორია 2 ტომად : ტ. 2 /
_cკორნელი კეკელიძე ; რედ. ალ. ბარამიძე.
264 _aთბილისი :
_bმეცნიერება,
_c1981.
300 _a751 გვ. :
_bპორტ. ;
_c23სმ.
541 _h5ლ.14თ.
653 _aძველი ქართული ლიტერატურის ისტორია 2 ტომად. : ტ. 2
653 _aძველი ქართული ლიტერატურის ისტორია
653 _aძველი ქარტული ლიტერატურა
700 _aბარამიძე, ალ.
_eრედაქტორი
_94433
942 _cBK
_2udc